LEADER 01059nam a2200241 u 4500 001 000000014914 003 CaOOAMICUS 005 20070226105823.0 008 940713s1934 it u000 u ita u 035 $a10350360 040 $aPUL$bita 041 0 $aita 100 1 $aDe Cupis, Adriano.$0(OLS)http://pul/name/13771 245 13$aLa concausa nel diritto degli infortuni e i principi del diritto comune /$cAdriano De Cupis. 260 $aRoma :$bSocietà editrice del"Foro italiano",$c1934. 300 $a139 p. ;$c23 cm 650 4$aDiritto comune.$0(OLS)http://pul/subject/9064 850 $aPUL 852 $aPUL$W1$xDP2 Diritto e Scienze Sociali 1$y65$m174 F 8$j20895$nBK-PRI$qStampati$B20895$CPULBib$Z2$F20895 $H6174 $82 941 1 $a8 961 $aTimbro: Bibliotheca Pontificium Institutum Utriusque Iuris. 996 $6245$aLa concausa nel diritto degli infortuni e i principi del diritto comune$9(OLS)http://pul/title/21388 996 $6260$aRoma :$bSocietà editrice del"Foro italiano"$9(OLS)http://pul/publisher/54510 LEADER 01423nam a2200313 u 4500 001 000000112385 003 CaOOAMICUS 005 20080707125920.0 008 080707s2008 it u000 u ita u 020 $z978-88-394-0751-1* 040 $aPUL$bita$dDLB 041 1 $aita$heng 100 1 $aMalina, Bruce J.,$cO.F.M.$0(OLS)http://pul/name/48966 240 10$aNew Testament world. Insights from cultural anthropology.$lItaliano.$0(OLS)http://pul/title/141235 245 10$aNuovo Testamento e antropologia culturale /$cBruce J. Malina. 260 $aBrescia :$bPaideia,$c2008. 300 $a263 p. ;$c23 cm. 490 1 $aIntroduzione allo studio della Bibbia.$aSupplementi ;$v39 500 $aTraduzione di Angelo Fracchia. 504 $aBibliografia in nota. 630 04$aBiblia.$pN.T.$xCritica e interpretazione.$0(OLS)http://pul/subject/1926 650 14$aAntropologia culturale.$0(OLS)http://pul/subject/6911 830 0$aIntroduzione allo studio della Bibbia.$pSupplementi ;$v39.$0(OLS)http://pul/title/41883 850 $aPUL 852 $aPUL$W1$xSL Religione 1$y3$m1 C 112.39$j128572$qStampati$B127506$CPULBib$Z2$F127506 $H107923 $82 941 1 $a8 996 $6020$z978-88-394-0751-1*$9(OLS)http://pul/number/138305 996 $6245$aNuovo Testamento e antropologia culturale$9(OLS)http://pul/title/141236 996 $6260$aBrescia :$bPaideia$9(OLS)http://pul/publisher/47884 LEADER 01279nam a2200241 u 4500 001 000000076692 003 CaOOAMICUS 005 20070226123234.0 008 031216s1933 it u000 u lat u 035 $a10979579 040 $aPUL(R)$bita 110 2 $aFrancescani.$0(OLS)http://pul/name/6171 245 10$aDirectorium actionum capitularium recurrentibus comitiis generalibus vel provincialibus Ordinis Fratrum Minorum Conventualium Codici Iuris canonici...accommodatum, iussu reverendissimi P. M. Dominici Tavani...editum. 260 $aRomae :$bAd SS. XII Apostolos,$c1933. 300 $a172 p. ;$c24 cm 500 $aTesto in rosso e nero. 610 24$aFrancescani.$xRegola.$0(OLS)http://pul/subject/13534 850 $aPUL 852 $aPUL$W1$xDP2 Filosofia 1$y62$m134 E 28$j98508$nBK-PRI$b $qStampati$B98508$CPULBib$Z2$F98508 $HPUL36693 $81 910 $aFrati minori conventuali$96171 941 1 $a8 996 $6245$aDirectorium actionum capitularium recurrentibus comitiis generalibus vel provincialibus Ordinis Fratrum Minorum Conventualium Codici Iuris canonici...accommodatum, iussu reverendissimi P. M. Dominici Tavani...editum$9(OLS)http://pul/title/100562 996 $6260$aRomae :$bAd SS. XII Apostolos$9(OLS)http://pul/publisher/74837